Manolo : de Céret a Caldes de Montbui [catàleg de l' exposició] : maig, juny 1983 de Céret a Caldes de Montbui [catàleg de l' exposició] :
Descripción Física:
48 p. : il. ; 21 x 22 cm
MARC
| LEADER | 00000nam a2200000Ia 4500 | ||
|---|---|---|---|
| 001 | 2070 | ||
| 008 | 160829s9999 xx 000 0 cat d | ||
| 080 | |a B-1-219 | ||
| 100 | 1 | |a Hugué, Manolo, |d 1872-1945 |9 20127 | |
| 245 | |a Manolo : |b de Céret a Caldes de Montbui [catàleg de l' exposició] : |b maig, juny 1983 | ||
| 260 | |a Barcelona : |b Diputació de Barcelona, Secció de Museus, DL 1983 | ||
| 300 | |a 48 p. : |b il. ; |c 21 x 22 cm | ||
| 600 | 1 | 0 | |a Hugué, Manolo, |d 1872-1945 |v Exposicions |9 56519 |
| 710 | 1 | |a Barcelona (Catalunya : Província). |b Secció de Museus |9 54500 | |
| 901 | |a Arxiu | ||
| 942 | |n 1 | ||
| 952 | |0 0 |1 0 |4 0 |6 B1219 |7 1 |9 41455 |a Arxiu |b Arxiu |d 2016-12-01 |l 0 |o B-1-219 |p 2070 |r 2016-12-01 00:00:00 |w 2016-12-01 |y ARXIU | ||
| 999 | |c 43262 |d 43262 | ||